Statistics for Countries by a Single Clue #12

Click here to take the quiz!

General Stats

  • This quiz has been taken 18,669 times
  • The average score is 14 of 20

Answer Stats

Clue Country % Correct
Where you could find the Great SphinxEgypt
99%
Frequently threatens to nuke the United States and other countriesNorth Korea
96%
Largest island country in the Caribbean SeaCuba
92%
Dubai is its largest cityUnited Arab Emirates
89%
Messi and Maradona were born in this countryArgentina
85%
Where the capital of the Incan Empire was locatedPeru
85%
Country that makes dolls that stack within other dolls that stack within other dolls, etc..Russia
85%
These "Federated States" consist of 607 small, Pacific islandsF.S. Micronesia
80%
A bridge connects this country to SingaporeMalaysia
80%
Feta cheese comes from hereGreece
78%
Its capital city is MinskBelarus
77%
Country whose king awards 5 of the 6 Nobel PrizesSweden
70%
Lapland is its northernmost regionFinland
65%
Poorest country in the AmericasHaiti
63%
Asian country that is just 10 miles from DjiboutiYemen
63%
The International Court of Justice is located hereNetherlands
56%
Home to Angel Falls, the world's highest waterfallVenezuela
55%
Russia invaded this country in 2008, seizing the region of South OssetiaGeorgia
54%
Formerly known as Western _____ to distinguish it from the U.S.
territory of American _____
Samoa
49%
Its capital city hosted the 1984 Winter OlympicsBosnia and Herzegovina
26%

Score Distribution

Percentile by Number Answered

Percent of People with Each Score

Your Score History

You have not taken this quiz